000 00768nam a2200253Ii 4500
003 JO-AjNU
005 20240629112928.0
008 230605s9999||||xx |||||||||||||| ||und||
017 _a2007/11/3476
020 _a978-9957-499-18-1
040 _aJO-AjNU
_bara
_erda
_cJO-AjNU
041 _aara
050 1 4 _aG155.A1.A2298 2008
100 3 _aعبوي، زيد منير,
_eauthor
_951053
245 0 0 _aإدارة المنشآت السياحية والفندقية
250 _aط1
264 3 1 _aعمان: دار الراية، 2008
300 _a238ص
336 _atext
_btxt
_2rdacontent
337 _aunmediated
_bn
_2rdamedia
338 _avolume
_bnc
_2rdacarrier
650 4 _aالفنادق-ادارة-السياحة - ادارة
_951054
942 _2lcc
_cBK
999 _c26095
_d26095